Management strategy (Бичлэгийн дугаар. 146783)
| 000 -УДИРДЛАГА | |
|---|---|
| Удирдлага | 00834nam a22002897a 4500 |
| 003 - ХЯНАЛТЫН ТОО ТОДОРХОЙЛОГЧ | |
| Код | MN-UlNUM |
| 005 - БИЧИЛТ ХИЙСЭН ОГНОО | |
| Тухайн бичилтийг бичсэн засварласан сүүлийн огноо | 20260331191356.0 |
| 008 - ЕРӨНХИЙ МЭДЭЭЛЭЛ | |
| Ерөнхий мэдээлэл | 260331s2004 maua b 001 0 eng |
| 020 ## - ISBN | |
| ISBN | 0072388099 |
| -- | 0072388091 |
| 040 ## - БИЧЛЭГ ҮҮСГЭГЧ БАЙГУУЛЛАГА | |
| Бичлэг үүсгэгч номын сангийн код | МУИС-ийн номын сан |
| 084 ## - ББК АНГИЛАЛ | |
| Нэмэлт тусгалт | Нэг сэдэвт бүтээл |
| ББК ангилал | 65.290-2 |
| Зохиогчийн гурван тэмдэгт | S 78 |
| Мэдлэгийн ялгаа | 65 - Эдийн засаг |
| 100 ## - ЗОХИОГЧ | |
| Зохиогчийн нэр | Spulber, Daniel F |
| 245 ## - ҮНДСЭН ГАРЧИГ | |
| Номын нэр | Management strategy |
| 260 ## - ГАРАЛТЫН МЭДЭЭ | |
| Хэвлэгдсэн газар | Boston |
| Хэвлэлийн газар | McGraw-Hill Irwin |
| Хэвлэгдсэн он | 2004 |
| 300 ## - МАТЕРИАЛЫН ТОДОРХОЙЛОЛТ | |
| хуудасны тоо | xv, 431 p. : |
| Бусад тоон мэдээлэл | ill. ; |
| Хэмжээ | 26 cm |
| Дагалдах материал | 1 CD-ROM (4 3/4 in.) |
| 500 ## - Тайлбар | |
| Дансны дугаар | БС 4396 |
| 546 ## - ХЭЛНИЙ ТУХАЙ МЭДЭЭ | |
| Хэл | Англи хэл дээр, |
| 653 ## - Түлхүүр үг | |
| Түлхүүр үг | strategic planning |
| 653 ## - Түлхүүр үг | |
| Түлхүүр үг | business planning |
| 653 ## - Түлхүүр үг | |
| Түлхүүр үг | management |
| 740 ## - НОМЫН ГАРЧИГ | |
| Гарчиг | Management strategy |
| 740 ## - НОМЫН ГАРЧИГ | |
| Гарчиг | External analysis and internet analysis |
| 740 ## - НОМЫН ГАРЧИГ | |
| Гарчиг | Competitive advantage |
| 942 ## - ЭЛЕМЕНТИЙН ТӨРӨЛ | |
| Зүйлийн төрөл | Ном |
